Unidad Profesional Interdisciplinaria de Ingeniería y Ciencias Sociales y Administrativas del Instituto Politécnico Nacional : Ciudad de México (Record no. 78694)

MARC details
000 -CABECERA
campo de control de longitud fija 00780nam a2200241 a 4500
005 - FECHA Y HORA DE LA ÚLTIMA TRANSACCIÓN
campo de control 20210219153514.0
008 - ELEMENTOS DE LONGITUD FIJA--INFORMACIÓN GENERAL
campo de control de longitud fija 991125n 000 0 spa u
035 ## - NÚMERO DE CONTROL DEL SISTEMA
Número de control de sistema UPN01000103693
110 2# - ASIENTO PRINCIPAL--NOMBRE CORPORATIVO
Nombre de entidad corporativa o nombre de jurisdicción como elemento de entrada Instituto Politécnico Nacional (México)
222 ## - TÍTULO CLAVE
Título clave CONESCAL :
222 ## - TÍTULO CLAVE
Título clave REVISTA ESPECIALIZADA EN CONSTRUCCIONES ESCOLARES
245 ## - MENCIÓN DE TÍTULO
Título Unidad Profesional Interdisciplinaria de Ingeniería y Ciencias Sociales y Administrativas del Instituto Politécnico Nacional : Ciudad de México
260 ## - PUBLICACIÓN, DISTRIBUCIÓN, ETC.
Lugar de publicación, distribución, etc. México
300 ## - DESCRIPCIÓN FÍSICA
Extensión 9-33
362 0# - FECHAS DE PUBLICACIÓN Y/O DESIGNACIÓN SECUENCIAL
Fecha de publicación y/o designación secuencial 1973 No. 27, mar.
653 0# - TERMINO DE INDIZACION - NO CONTROLADO
Término no controlado CONSTRUCCIONES ESCOLARES
653 0# - TERMINO DE INDIZACION - NO CONTROLADO
Término no controlado EDUCACION SUPERIOR
653 0# - TERMINO DE INDIZACION - NO CONTROLADO
Término no controlado IPN
653 0# - TERMINO DE INDIZACION - NO CONTROLADO
Término no controlado PROYECTOS ARQUITECTONICOS
653 0# - TERMINO DE INDIZACION - NO CONTROLADO
Término no controlado UPIICSA, IPN
904 ## - ELEMENTOS DE DATOS D LOCAL, LDD (RLIN)
a AC
b 041504
905 ## - TIPO DE MATERIAL
Tipo de material Articulo

No items available.